000 00479nam a2200181Ia 4500
003 GCL
008 140319s9999 xx 000 0 aRus d
040 _aGCL /
_cGCL
082 0 4 _a860
_bS C
100 1 _aSULINAS, PEDRO
245 1 0 _aCARTAS DE AMOR A MARGARITA (1912-1915) /
_cSULINAS, PEDRO
260 _a[S.N] :
_bA LIANZA EDITORIAL ،
_c1986
300 _a270 P
650 0 4 _aLITERATURE
650 0 4 _aSPANISH LANGUAGE
650 0 4 _aSPANISH LITERATURE
942 _2ddc
_cBK
999 _c24242
_d24242